|
|
|
|
| LEADER |
00000naa2a2200000 4500 |
| 001 |
277758 |
| 005 |
20260119090621.0 |
| 035 |
|
|
|a (RuTPU)RU\TPU\book\301035
|
| 035 |
|
|
|a RU\TPU\book\261221
|
| 090 |
|
|
|a 277758
|
| 100 |
|
|
|a 20141205d2012 k y0rusy50 ca
|
| 101 |
0 |
|
|a rus
|
| 102 |
|
|
|a RU
|
| 135 |
|
|
|a drcn ---uucaa
|
| 181 |
|
0 |
|a i
|
| 182 |
|
0 |
|a b
|
| 200 |
1 |
|
|a Устройство для контроля радиохимической чистоты препарата МИБГ, йод-123
|f Нго Ван Тхьен
|g науч. рук. А. А. Гарапацкий
|
| 203 |
|
|
|a Текст
|c электронный
|
| 215 |
|
|
|a 1 файл (400 Кб)
|
| 300 |
|
|
|a Заглавие с титульного листа
|
| 320 |
|
|
|a [Библиогр.: с. 134 (2 назв.)]
|
| 337 |
|
|
|a Adobe Reader
|
| 461 |
|
1 |
|0 (RuTPU)RU\TPU\book\256852
|t Научная инициатива иностранных студентов и аспирантов российских вузов
|o сборник докладов V Всероссийской научно-практической конференции, Томск, 25-27 апреля 2012 г.
|f Ассоциация иностранных студентов в России (АИС); Национальный исследовательский Томский политехнический университет (ТПУ), Институт международного образования и языковой коммуникации (ИМОЯК)
|o в 2 т.
|d 2012
|
| 463 |
|
1 |
|0 (RuTPU)RU\TPU\book\256859
|t Т. 2
|h [C. 130-134]
|d 2012
|
| 610 |
1 |
|
|a труды учёных ТПУ
|
| 610 |
1 |
|
|a электронный ресурс
|
| 610 |
1 |
|
|a радиохимическая чистота
|
| 610 |
1 |
|
|a йод
|
| 700 |
|
0 |
|a Нго Ван Тхьен
|
| 702 |
|
1 |
|a Гарапацкий
|b А. А.
|c физик, специалист в области ядерных технологий
|c ведущий инженер Томского политехнического университета
|f 1957-
|g Александр Александрович
|3 (RuTPU)RU\TPU\pers\30127
|4 727
|
| 712 |
0 |
2 |
|a Национальный исследовательский Томский политехнический университет (ТПУ)
|b Физико-технический институт (ФТИ)
|b Лаборатория получения радиоактивных веществ
|3 (RuTPU)RU\TPU\col\19672
|
| 801 |
|
1 |
|a RU
|b 63413507
|c 20130116
|
| 801 |
|
2 |
|a RU
|b 63413507
|c 20141205
|g RCR
|
| 856 |
4 |
|
|u http://www.lib.tpu.ru/fulltext/c/2012/C19/V2/001.pdf
|
| 942 |
|
|
|c CF
|